[Event "Warren (MCO/3/15)"]
[Site "?"]
[Date "1986.??.??"]
[Round "?"]
[White "Everett, Morgan"]
[Black "Mellen, Steve"]
[Result "1-0"]
[WhiteElo "2050"]
[BlackElo "1790"]
[PlyCount "89"]
[EventDate "1986.??.??"]

{3/(15)} 1. e4 Nf6 2. e5 Nd5 3. c4 Nb6 4. c5 Nd5 5. Nc3 Nxc3 6. dxc3 d6 7. Bc4
e6 8. cxd6 cxd6 9. Nf3 Nc6 10. Bf4 Nxe5 11. Nxe5 dxe5 12. Qxd8+ Kxd8 13. O-O-O+
Ke7 14. Bxe5 f6 15. Bc7 Bd7 16. Bd6+ Ke8 17. Bg3 Bc5 18. Rhe1 Ke7 19. b4 Bxb4
20. Rxd7+ Kxd7 21. Bxe6+ Kc6 22. cxb4 Rhe8 23. Kb2 Kb6 24. f3 Rad8 25. Kc3 Kc6
26. Re4 Kb6 27. a4 a6 28. Bf2+ Kc7 29. Bd5 Rxe4 30. fxe4 g6 31. Kd4 Rf8 32.
Bg3+ Kb6 33. Bd6 Rc8 34. Bc5+ Kc7 35. Be7 b5 36. axb5 axb5 37. Bxf6 Kd6 38. e5+
Kd7 39. e6+ Ke8 40. Ke5 Rc1 41. Kd6 Rd1 42. e7 Rd2 43. Ke6 Rc2 44. Kd6 Rd2 45.
Kc5 1-0

[Event "Kalamazoo (WMUSO/2/7)"]
[Site "?"]
[Date "1986.??.??"]
[Round "?"]
[White "Everett, Morgan"]
[Black "Jackson, J.."]
[Result "1/2-1/2"]
[WhiteElo "2040"]
[BlackElo "1880"]
[PlyCount "37"]
[EventDate "1986.??.??"]

{2/(7)} 1. e4 e5 2. Nf3 f5 3. Nxe5 Nc6 4. Nxc6 dxc6 5. d3 Qe7 6. Be2 Nf6 7. Nc3
Bd7 8. Bg5 O-O-O 9. O-O h6 10. Be3 Kb8 11. a3 g5 12. exf5 Bxf5 13. b4 Nd5 14.
Nxd5 cxd5 15. Bd4 Rg8 16. Bg4 Qd7 17. Bxf5 Qxf5 18. Qf3 Qxf3 19. gxf3 1/2-1/2

[Event "Warren (MCO/5/3)"]
[Site "?"]
[Date "1986.??.??"]
[Round "?"]
[White "Everett, Morgan"]
[Black "Cooper, T.."]
[Result "0-1"]
[WhiteElo "2050"]
[BlackElo "2175"]
[PlyCount "34"]
[EventDate "1986.??.??"]

{5/(3)} 1. e4 c6 2. d4 d5 3. Nc3 dxe4 4. Nxe4 Nd7 5. Bc4 Ngf6 6. Nxf6+ Nxf6 7.
c3 e6 8. Nf3 Be7 9. Bf4 O-O 10. O-O c5 11. Qe2 cxd4 12. Nxd4 Bd7 13. Rfe1 Qb6
14. Be5 Bc6 15. Bd3 Rad8 16. Bxf6 Bxf6 17. Bxh7+ Kxh7 0-1

[Event "Monroe (MI Op/5/19)"]
[Site "?"]
[Date "1986.??.??"]
[Round "?"]
[White "Everett, Morgan"]
[Black "Balkany, A.."]
[Result "1-0"]
[WhiteElo "2010"]
[BlackElo "1830"]
[PlyCount "63"]
[EventDate "1986.??.??"]

{5/(19)} 1. e4 Nf6 2. Nc3 d5 3. exd5 Nxd5 4. Qf3 Nxc3 5. dxc3 e6 6. Bb5+ Nd7 7.
Bf4 Be7 8. O-O-O c6 9. Bd3 Qa5 10. Kb1 O-O 11. h4 e5 12. Bg5 Nf6 13. Ne2 Be6
14. b3 Nd5 15. Qe4 g6 16. Bxe7 Nxe7 17. h5 f5 18. Qh4 Rf7 19. hxg6 Nxg6 20. Qg5
Raf8 21. Rh6 Rg7 22. Qh5 e4 23. Bxe4 Qe5 24. Bd3 a5 25. Rh1 Rff7 26. f4 Qc5 27.
g4 b5 28. Rxh7 Rxh7 29. Qxg6+ Rhg7 30. Qxe6 Rxg4 31. Rh5 b4 32. Qxf7+ 1-0

[Event "Monroe (RVO/3/16)"]
[Site "?"]
[Date "1986.??.??"]
[Round "?"]
[White "Everett, Morgan"]
[Black "Almquist, W.."]
[Result "0-1"]
[WhiteElo "2010"]
[BlackElo "1775"]
[PlyCount "59"]
[EventDate "1986.??.??"]

{3/(16)} 1. e4 c5 2. c3 Nc6 3. Nf3 e6 4. d4 cxd4 5. cxd4 d5 6. e5 Bb4+ 7. Nc3
Nge7 8. Bd3 Bd7 9. O-O Ng6 10. Bg5 Be7 11. Bxe7 Ncxe7 12. Qd2 O-O 13. Qg5 a6
14. h4 Nc6 15. Qh5 Nce7 16. Qg5 f5 17. exf6 Rxf6 18. Ne5 Nxe5 19. dxe5 Rf7 20.
Rae1 Nf5 21. Nxd5 exd5 22. e6 Bxe6 23. Rxe6 Nxh4 24. Qh5 Ng6 25. Rxg6 hxg6 26.
Bxg6 Rf6 27. Qh7+ Kf8 28. Qh8+ Ke7 29. Re1+ Re6 30. Qh4+ 0-1

[Event "Warren (MCO/5/57)"]
[Site "?"]
[Date "1986.??.??"]
[Round "?"]
[White "Endres, John"]
[Black "Sujarit, A.."]
[Result "1-0"]
[WhiteElo "1605"]
[BlackElo "1605"]
[PlyCount "75"]
[EventDate "1986.??.??"]

{5/(57)} 1. e4 e5 2. Nf3 Nc6 3. Bb5 a6 4. Ba4 Nf6 5. O-O b5 6. Bb3 Be7 7. Nc3
Na5 8. d4 Nxb3 9. axb3 exd4 10. Nxd4 O-O 11. e5 Ne8 12. Qg4 d6 13. e6 fxe6 14.
Nxe6 Bxe6 15. Qxe6+ Kh8 16. Re1 Bf6 17. Nd5 h6 18. Nf4 Kh7 19. Qe4+ Kg8 20. Ne6
Qe7 21. Qxa8 c5 22. Qd5 Kh8 23. Qe4 Rf7 24. Nf4 Qxe4 25. Rxe4 Nc7 26. c3 Kg8
27. Nd3 Nd5 28. Bf4 Nxf4 29. Nxf4 Ra7 30. Rae1 Kf7 31. Nd5 Rb7 32. Re6 Bg5 33.
Rxd6 Ra7 34. Rc6 b4 35. Rxc5 a5 36. Rc7+ Rxc7 37. Nxc7 Kf6 38. Ra1 1-0

[Event "Warren (MCO/3/56)"]
[Site "?"]
[Date "1986.??.??"]
[Round "?"]
[White "Endres, John"]
[Black "McGee, T.."]
[Result "0-1"]
[WhiteElo "1605"]
[BlackElo "1605"]
[PlyCount "62"]
[EventDate "1986.??.??"]

{3/(56)} 1. e4 c5 2. f4 e5 3. Nf3 exf4 4. Nc3 g5 5. b3 g4 6. Ne5 h5 7. g3 d6 8.
Nc4 Bg7 9. Bb2 Nc6 10. Qe2 Nd4 11. Qd3 Nf3+ 12. Kd1 Rh6 13. Nd5 Bxb2 14. Nxb2
fxg3 15. hxg3 Be6 16. Nc4 Bxd5 17. Qxd5 Qe7 18. Be2 Nf6 19. Nxd6+ Kf8 20. Qxc5
Nd7 21. Qc7 Qe5 22. Rc1 Rxd6 23. d3 Nf6 24. Qxb7 Re8 25. Qb4 Nxe4 26. Bxf3 gxf3
27. Re1 a5 28. Rxe4 axb4 29. Rxe5 Rxe5 30. Kd2 Re2+ 31. Kd1 Rde6 0-1

[Event "Warren (MCO/1/28)"]
[Site "?"]
[Date "1986.??.??"]
[Round "?"]
[White "Endres, John"]
[Black "Forte, Joe"]
[Result "0-1"]
[WhiteElo "1605"]
[BlackElo "1955"]
[PlyCount "74"]
[EventDate "1986.??.??"]

{1/(28)} 1. e4 c5 2. f4 Nc6 3. Nf3 g6 4. b3 Bg7 5. e5 d5 6. Bb2 d4 7. d3 Nh6 8.
Be2 Nf5 9. Kf2 Ne3 10. Qc1 Nb4 11. c3 Nbc2 12. cxd4 Ng4+ 13. Kf1 Nxa1 14. Bxa1
cxd4 15. Bxd4 O-O 16. h3 Nh6 17. g4 Be6 18. Qc3 Rc8 19. Qb2 Qa5 20. Nbd2 Rc7
21. Ng5 Bd5 22. Bf3 Bxf3 23. Ngxf3 Rfc8 24. Nc4 Qd5 25. Kf2 Qd7 26. e6 Bxd4+
27. Nxd4 fxe6 28. Rc1 Nf7 29. Re1 e5 30. Nxe5 Nxe5 31. Rxe5 Rc3 32. Ke3 Kf7 33.
Ke4 R8c5 34. f5 Rxe5+ 35. Kxe5 Rxd3 36. fxg6+ hxg6 37. h4 Qxg4 0-1

[Event "Warren (MCO/1/31)"]
[Site "?"]
[Date "1986.??.??"]
[Round "?"]
[White "Eagle, Chris"]
[Black "Keeley, G.."]
[Result "1-0"]
[WhiteElo "1925"]
[BlackElo "1605"]
[PlyCount "49"]
[EventDate "1986.??.??"]

{1/(31)} 1. e4 e5 2. f4 exf4 3. Nf3 Nc6 4. Bc4 g5 5. h4 Bh6 6. d4 Qe7 7. hxg5
Bxg5 8. Nc3 d6 9. Qe2 Bg4 10. Nd5 Bxf3 11. gxf3 Qd7 12. c3 O-O-O 13. Qg2 f6 14.
Bxf4 Bxf4 15. Nxf4 Kb8 16. O-O-O Na5 17. Be6 Qa4 18. Kb1 Ne7 19. Qg7 Nc8 20. b3
Qe8 21. Nd5 Nb6 22. Qxc7+ Ka8 23. Nb4 d5 24. Rxh7 Nac4 25. Qxb7# 1-0

[Event "Warren (MCO/3/9)"]
[Site "?"]
[Date "1986.??.??"]
[Round "?"]
[White "Eagle, Chris"]
[Black "Hahn, David"]
[Result "1-0"]
[WhiteElo "1925"]
[BlackElo "2140"]
[PlyCount "57"]
[EventDate "1986.??.??"]

{3/(9)} 1. e4 g6 2. d4 Bg7 3. c4 d6 4. Nc3 Nf6 5. f3 O-O 6. Bd3 c5 7. d5 e6 8.
dxe6 Bxe6 9. Nge2 Nc6 10. O-O a6 11. f4 Rb8 12. f5 Bc8 13. h3 Ne5 14. Bf4 Nh5
15. Bh2 b5 16. cxb5 c4 17. Bc2 gxf5 18. exf5 Qb6+ 19. Kh1 Nf6 20. Ne4 Nxe4 21.
Bxe4 Nd3 22. Bxd3 cxd3 23. Qxd3 Bxb2 24. f6 Kh8 25. Rab1 Be5 26. Rb4 Bxh2 27.
Rh4 Bf5 28. Qxf5 Qxb5 29. Qxh7# 1-0

[Event "Warren (MCO/5/5)"]
[Site "?"]
[Date "1986.??.??"]
[Round "?"]
[White "Eagle, Chris"]
[Black "Finegold, Ben"]
[Result "0-1"]
[WhiteElo "1925"]
[BlackElo "2370"]
[PlyCount "66"]
[EventDate "1986.??.??"]

{5/(5)} 1. e4 d6 2. Nc3 Nf6 3. d4 g6 4. Bg5 Bg7 5. f3 c6 6. Qd2 b5 7. a3 O-O 8.
h4 Nbd7 9. Nge2 Qc7 10. h5 Nxh5 11. g4 Nhf6 12. Bh6 e5 13. Bxg7 Kxg7 14. Qh6+
Kg8 15. g5 Nh5 16. Ng3 Re8 17. Nxh5 gxh5 18. d5 Nf8 19. dxc6 Be6 20. Nd5 Bxd5
21. exd5 Qa5+ 22. b4 Qb6 23. O-O-O a5 24. Bd3 e4 25. Bxe4 Qe3+ 26. Kb2 axb4 27.
Rd3 bxa3+ 28. Ka2 Qc5 29. Rc1 Qb4 30. Rb3 Qd2 31. Rbb1 b4 32. c7 b3+ 33. Kxb3
a2 0-1

[Event "Monroe (RVO/3/11)"]
[Site "?"]
[Date "1986.??.??"]
[Round "?"]
[White "Eagle, Chris"]
[Black "Feldstein, R.."]
[Result "0-1"]
[WhiteElo "1925"]
[BlackElo "2025"]
[PlyCount "62"]
[EventDate "1986.??.??"]

{3/(11)} 1. e4 Nf6 2. e5 Nd5 3. c4 Nb6 4. c5 Nd5 5. Bc4 e6 6. Nc3 Nxc3 7. bxc3
Qh4 8. Qe2 Bxc5 9. d4 Bb6 10. Nf3 Qe7 11. a4 Nc6 12. O-O Ba5 13. Bd2 b6 14. Ng5
Bxc3 15. Nxe6 fxe6 16. Bxc3 Bb7 17. f3 Qh4 18. Rfd1 Ne7 19. Bd3 O-O 20. Kh1 Nd5
21. Be1 Qh5 22. Bd2 Nf4 23. Bxf4 Rxf4 24. Rf1 Rxd4 25. Qe3 Rh4 26. h3 Rf8 27.
Be4 Rxh3+ 28. gxh3 Qxh3+ 29. Kg1 Qg3+ 30. Kh1 Bxe4 31. Qxe4 Rf4 0-1

[Event "Monroe (RVO/4/14)"]
[Site "?"]
[Date "1986.??.??"]
[Round "?"]
[White "Eagle, Chris"]
[Black "Almquist, W.."]
[Result "1-0"]
[WhiteElo "1925"]
[BlackElo "1775"]
[PlyCount "41"]
[EventDate "1986.??.??"]

{4/(14)} 1. e4 c5 2. Nc3 Nc6 3. f4 e6 4. Nf3 d5 5. Bb5 dxe4 6. Bxc6+ bxc6 7.
Nxe4 Nf6 8. Nxf6+ Qxf6 9. O-O Bd6 10. d4 O-O 11. Ne5 cxd4 12. Nxc6 Bc5 13. Kh1
Bb7 14. Ne5 Rfd8 15. Qg4 Be4 16. Bd2 Bxc2 17. Rac1 Bf5 18. Qg3 Rac8 19. Ba5 Bb6
20. Nd7 Rxc1 21. Nxf6+ 1-0

[Event "Warren (MCO/3/39)"]
[Site "?"]
[Date "1986.??.??"]
[Round "?"]
[White "Downing, J.."]
[Black "Petty, M.."]
[Result "0-1"]
[WhiteElo "1605"]
[BlackElo "1730"]
[PlyCount "54"]
[EventDate "1986.??.??"]

{3/(39)} 1. e4 d6 2. d4 Nf6 3. Nc3 g6 4. Be3 Bg7 5. Qd2 O-O 6. O-O-O Ng4 7. Nf3
Nxe3 8. Qxe3 Nc6 9. Bc4 Bg4 10. Ne2 Na5 11. Bb3 Qd7 12. h3 Bxf3 13. Qxf3 Qb5
14. Rd3 Nxb3+ 15. Rxb3 Qg5+ 16. Kb1 c5 17. Rxb7 cxd4 18. Nxd4 Bxd4 19. Rb4 Qc5
20. Rb3 Rab8 21. Rc1 Rb6 22. c3 Be5 23. Ra3 Qxa3 24. Qe2 Bxc3 25. Rc2 Rfb8 26.
b3 Rxb3+ 27. axb3 Qa1# 0-1

[Event "Warren (MCO/4/46)"]
[Site "?"]
[Date "1986.??.??"]
[Round "?"]
[White "Downing, J.."]
[Black "Morrow, Chris"]
[Result "1/2-1/2"]
[WhiteElo "1605"]
[BlackElo "1605"]
[PlyCount "57"]
[EventDate "1986.??.??"]

{4/(46)} 1. e4 e5 2. Nf3 Nc6 3. Bb5 a6 4. Bxc6 dxc6 5. O-O Bd6 6. b3 Nf6 7. Bb2
Bg4 8. h3 Bxf3 9. Qxf3 O-O 10. d3 Re8 11. Nd2 b5 12. c3 c5 13. Qe3 Qd7 14. d4
cxd4 15. cxd4 exd4 16. Bxd4 Be5 17. Bxe5 Rxe5 18. f3 Rd8 19. Rad1 Qd4 20. Qxd4
Rxd4 21. Rfe1 Re8 22. Re2 Red8 23. e5 Ne8 24. Kf1 c5 25. Ke1 c4 26. bxc4 bxc4
27. Re4 R4d5 28. Rxc4 Rxe5+ 29. Re4 1/2-1/2

[Event "Warren (MCO/6/47)"]
[Site "?"]
[Date "1986.??.??"]
[Round "?"]
[White "Downing, J.."]
[Black "Endres, John"]
[Result "1/2-1/2"]
[WhiteElo "1605"]
[BlackElo "1605"]
[PlyCount "80"]
[EventDate "1986.??.??"]

{6/(47)} 1. e4 e6 2. d4 d5 3. Nc3 Bb4 4. Bd2 Bxc3 5. Bxc3 dxe4 6. d5 Nf6 7.
dxe6 Qxd1+ 8. Rxd1 Bxe6 9. Bb5+ Nc6 10. Bxc6+ bxc6 11. b3 O-O 12. Bxf6 gxf6 13.
f4 Rad8 14. Rxd8 Rxd8 15. Ne2 Bg4 16. h3 Bxe2 17. Kxe2 f5 18. Ke3 f6 19. g4
fxg4 20. Kxe4 gxh3 21. Rxh3 Rd5 22. Rg3+ Kf7 23. f5 Re5+ 24. Kf4 Rd5 25. Rc3
Rd4+ 26. Ke3 Rd5 27. Rxc6 Rxf5 28. Rxc7+ Kg6 29. c4 h5 30. Rc8 h4 31. c5 h3 32.
c6 h2 33. Rh8 Rh5 34. Rg8+ Kh7 35. c7 h1=Q 36. c8=Q Re5+ 37. Kd3 Qd5+ 38. Kc2
Qxg8 39. Qd7+ Qg7 40. Qh3+ Kg6 1/2-1/2

[Event "Dearborn (MEX/1)"]
[Site "Dearborn"]
[Date "1986.??.??"]
[Round "?"]
[White "Dowling, John"]
[Black "Findlay, I.."]
[Result "1/2-1/2"]
[WhiteElo "2100"]
[BlackElo "2340"]
[PlyCount "92"]
[EventDate "1986.??.??"]

1. d4 Nf6 2. Nf3 c5 3. c3 e6 4. Bf4 d5 5. e3 Bd6 6. Bg3 O-O 7. Nbd2 Nc6 8. Ne5
Qc7 9. f4 Ne4 10. Bd3 f6 11. Nxc6 Qxc6 12. Bxe4 dxe4 13. Qb3 Kh8 14. O-O Bd7
15. Nc4 Bc7 16. a4 Rfc8 17. Rfc1 b6 18. Qa3 Qd5 19. b3 Bd8 20. dxc5 Qxc5 21.
Qxc5 Rxc5 22. Nd6 Bc6 23. c4 a5 24. Rd1 Kg8 25. Rd4 f5 26. Rad1 Bf6 27. R4d2
Kf8 28. Kf1 Rd8 29. Be1 g5 30. g3 g4 31. Nxe4 Rxd2 32. Nxd2 Ke7 33. Bf2 Be4 34.
Nxe4 fxe4 35. Be1 Rh5 36. Rd2 Bc3 37. Rc2 Bxe1 38. Kxe1 Kd6 39. Rd2+ Kc5 40.
Kd1 Rh3 41. Kc2 h5 42. Kc3 h4 43. Rg2 hxg3 44. Rxg3 Rh4 45. Rg2 Rh3 46. Rg3 Rh4
1/2-1/2

[Event "Dearborn (MEX/3)"]
[Site "Dearborn"]
[Date "1986.??.??"]
[Round "?"]
[White "Dowling, John"]
[Black "Baudry, Pascal"]
[Result "1/2-1/2"]
[WhiteElo "2100"]
[BlackElo "2070"]
[PlyCount "103"]
[EventDate "1986.??.??"]

1. d4 Nf6 2. Nf3 c5 3. c3 b6 4. Bf4 Bb7 5. e3 g6 6. Nbd2 Bg7 7. a4 a6 8. h3 d6
9. Bc4 O-O 10. O-O Nbd7 11. Bh2 Qc7 12. Qb3 e5 13. dxe5 Nxe5 14. Rfd1 Rad8 15.
Nxe5 dxe5 16. Nf3 Ne4 17. Rxd8 Rxd8 18. Rd1 Rxd1+ 19. Qxd1 Qd6 20. Qb3 Qc7 21.
Bd5 c4 22. Qxc4 Qxc4 23. Bxc4 Nd6 24. Bb3 Bxf3 25. gxf3 Kf8 26. Kf1 Ke7 27. Ke2
f5 28. Bg3 g5 29. f4 Ne4 30. fxg5 Nxg5 31. Bc2 Ke6 32. h4 Nf7 33. Bb3+ Ke7 34.
Bxf7 Kxf7 35. Kd3 b5 36. axb5 axb5 37. Kc2 Ke6 38. Kb3 Kd5 39. Kb4 Kc6 40. c4
bxc4 41. Kxc4 f4 42. Bh2 h5 43. b4 Bf6 44. exf4 exf4 45. Bxf4 Bxh4 46. b5+ Kb7
47. f3 Bf2 48. Kd3 h4 49. Ke2 Bc5 50. Be3 h3 51. Bf4 Kb6 52. Bh2 1/2-1/2

[Event "Taylor (SEMO/2/9)"]
[Site "?"]
[Date "1986.??.??"]
[Round "?"]
[White "Dowling, Jo"]
[Black "Moody, David"]
[Result "1-0"]
[WhiteElo "2075"]
[BlackElo "1955"]
[PlyCount "35"]
[EventDate "1986.??.??"]

{2/(9)} 1. d4 Nf6 2. Nc3 e6 3. e4 d5 4. Bg5 Bb4 5. e5 h6 6. Be3 Ne4 7. a3 Bxc3+
8. bxc3 Nxc3 9. Qg4 Kf8 10. h4 Nd7 11. Bd3 c5 12. Rh3 h5 13. Qf4 c4 14. Bg6 f6
15. Nf3 Ke7 16. Bd2 Rh6 17. Qg3 Nf8 18. exf6+ 1-0

[Event "Taylor (SEMO/5/6)"]
[Site "?"]
[Date "1986.??.??"]
[Round "?"]
[White "Dowling, Jo"]
[Black "Coleman, John"]
[Result "1/2-1/2"]
[WhiteElo "2075"]
[BlackElo "1835"]
[PlyCount "54"]
[EventDate "1986.??.??"]

{5/(6)} 1. d4 Nf6 2. Nc3 d5 3. e4 dxe4 4. f3 exf3 5. Nxf3 Bg4 6. h3 Bxf3 7.
Qxf3 c6 8. Be3 e6 9. Bd3 Be7 10. O-O O-O 11. Rf2 Nbd7 12. Raf1 e5 13. Ne4 Nxe4
14. Qxe4 g6 15. Bh6 f5 16. Rxf5 Rxf5 17. Rxf5 gxf5 18. Qxf5 Nf6 19. dxe5 Qd5
20. Qg5+ Kf7 21. Qg7+ Ke6 22. exf6 Qd4+ 23. Kh1 Bc5 24. Qg4+ Qxg4 25. hxg4 Bf8
26. Bd2 Kxf6 27. g5+ Kg7 1/2-1/2

[Event "Warren (MCO/4/51)"]
[Site "?"]
[Date "1986.??.??"]
[Round "?"]
[White "Dobson, R.."]
[Black "Haidukewych, Dan"]
[Result "0-1"]
[WhiteElo "1605"]
[BlackElo "1605"]
[PlyCount "102"]
[EventDate "1986.??.??"]

{4/(51)} 1. d4 d5 2. c4 Nf6 3. cxd5 Qxd5 4. Nc3 Qd8 5. Bf4 a6 6. Nf3 e6 7. e3
c5 8. Rc1 Nc6 9. dxc5 Bxc5 10. Qxd8+ Nxd8 11. Bd3 O-O 12. O-O Nc6 13. a3 Re8
14. Nb5 Bb6 15. Nc7 Bxc7 16. Bxc7 e5 17. Ng5 h6 18. Ne4 Nd5 19. Bd6 Rd8 20.
Rfd1 Bg4 21. Rd2 Rac8 22. Bxa6 bxa6 23. Rxd5 Ne7 24. Rdc5 Rxc5 25. Bxc5 Nd5 26.
h3 Be6 27. Nc3 Nxc3 28. Rxc3 Rd1+ 29. Kh2 Rd2 30. f4 Rxb2 31. fxe5 Bd5 32. Rd3
Rxg2+ 33. Kh1 Rd2+ 34. Rxd5 Rxd5 35. Bd4 Ra5 36. Bb2 Rb5 37. Bd4 Rb3 38. Bc5
Rc3 39. Bb4 Rxe3 40. h4 Rxe5 41. Kg2 Re3 42. Kf2 Rh3 43. Be7 f6 44. Bd6 Rxh4
45. Ke3 Kf7 46. Bg3 Rh3 47. Kf3 Rxg3+ 48. Kxg3 Ke6 49. Kg4 Kd5 50. Kf3 Kc4 51.
a4 Kb4 0-1

[Event "Warren (MCO/2/59)"]
[Site "?"]
[Date "1986.??.??"]
[Round "?"]
[White "Dobson, R.."]
[Black "Baptist, A.."]
[Result "0-1"]
[WhiteElo "1605"]
[BlackElo "1605"]
[PlyCount "56"]
[EventDate "1986.??.??"]

{2/(59)} 1. d4 d5 2. c4 Nf6 3. cxd5 Nxd5 4. e4 Nf6 5. Nc3 e6 6. Nf3 Nc6 7. Bb5
Bd7 8. Bf4 Bb4 9. a3 Bxc3+ 10. bxc3 Nxe4 11. Qd3 Nd6 12. Rb1 Nxb5 13. Rxb5 b6
14. Rb3 Ne7 15. O-O Nd5 16. Qe4 Nxf4 17. Qxf4 a5 18. Ne5 Qf6 19. Qe4 Rd8 20.
Qb7 Rc8 21. Rfb1 Qe7 22. Nc4 O-O 23. Ra1 Qe8 24. Nb2 Bc6 25. Qa7 Qe7 26. Qa6
Qg5 27. g3 Qd5 28. Qf1 Qh1# 0-1

[Event "Warren (MCO/3/27)"]
[Site "?"]
[Date "1986.??.??"]
[Round "?"]
[White "Dmuchowski, Frank"]
[Black "Riseman, J.."]
[Result "1/2-1/2"]
[WhiteElo "1610"]
[BlackElo "1825"]
[PlyCount "90"]
[EventDate "1986.??.??"]

{3/(27)} 1. d4 Nf6 2. c4 c5 3. d5 b5 4. Nf3 Bb7 5. a4 bxc4 6. Nc3 d6 7. e4 g6
8. Bxc4 Nfd7 9. O-O Bg7 10. Re1 O-O 11. Bg5 h6 12. Bh4 Bc8 13. Qd2 Nb6 14. Bb3
Bg4 15. h3 Bxf3 16. gxf3 N8d7 17. f4 Re8 18. a5 Nc8 19. Re2 Bf6 20. Bg3 Kh7 21.
e5 Bg7 22. e6 fxe6 23. Rxe6 Nf8 24. Ree1 Qc7 25. Bc2 Rb8 26. b3 Qd7 27. Kh2 e6
28. Ra2 exd5 29. Rxe8 Qxe8 30. Nxd5 Ne7 31. Nxe7 Qxe7 32. f5 gxf5 33. Bxf5+ Kh8
34. Qxd6 Qxd6 35. Bxd6 Rxb3 36. Bxc5 Rb5 37. Bxf8 Bxf8 38. Be4 Bd6+ 39. Kg2 Re5
40. Kf3 Kg7 41. a6 Kf6 42. Rd2 Bc5 43. Rd7 Rh5 44. Kg4 Rg5+ 45. Kf3 Rh5 1/2-1/2

[Event "Warren (MCO/1/12)"]
[Site "?"]
[Date "1986.??.??"]
[Round "?"]
[White "Dmuchowski, Frank"]
[Black "Mazuchowski, Tom"]
[Result "0-1"]
[WhiteElo "1610"]
[BlackElo "2125"]
[PlyCount "84"]
[EventDate "1986.??.??"]

{1/(12)} 1. d4 Nf6 2. c4 g6 3. Nc3 Bg7 4. e4 d6 5. Nge2 O-O 6. Ng3 c5 7. d5 e6
8. Be2 exd5 9. cxd5 Re8 10. O-O a6 11. a4 b6 12. Kh1 Ra7 13. Bc4 Ng4 14. f3
Nxh2 15. Be3 Qh4 16. Kg1 Qxg3 17. Rf2 Ng4 18. fxg4 Qxe3 19. Qd2 Bd4 20. Raf1
Bxg4 21. Be2 Qg3 22. Bxg4 Qxg4 23. Ne2 Bxf2+ 24. Rxf2 Qxe4 25. Qd1 Re5 26. Qb3
Nd7 27. Qd1 Rxd5 28. Qb3 c4 29. Qg3 Qb1+ 30. Rf1 Qd3 31. Qf2 Rf5 32. Nf4 Qe4
33. Qd2 d5 34. g3 Nf6 35. Re1 Qf3 36. Re3 Qg4 37. Ne2 Ne4 38. Qd4 Re7 39. Qxb6
Re6 40. Qd8+ Kg7 41. Nd4 Qd1+ 42. Kg2 Qf1+ 0-1

[Event "Warren (MCO/5/21)"]
[Site "?"]
[Date "1986.??.??"]
[Round "?"]
[White "Dmuchowski, Frank"]
[Black "Johnson, Ri"]
[Result "0-1"]
[WhiteElo "1610"]
[BlackElo "1990"]
[PlyCount "80"]
[EventDate "1986.??.??"]

{5/(21)} 1. d4 Nf6 2. c4 g6 3. Nc3 d5 4. Nf3 Bg7 5. cxd5 Nxd5 6. e4 Nxc3 7.
bxc3 O-O 8. Qc2 c5 9. Be3 Nc6 10. Rd1 Qa5 11. Be2 Bd7 12. O-O cxd4 13. Nxd4
Nxd4 14. cxd4 b5 15. Rb1 a6 16. Rfc1 Rfc8 17. Qb3 Qd8 18. d5 Rxc1+ 19. Rxc1 Rc8
20. Rc5 Qa5 21. Qc2 Qe1+ 22. Bf1 Rxc5 23. Qxc5 b4 24. Qc1 Qxc1 25. Bxc1 a5 26.
Bc4 e6 27. Be3 Bc3 28. Kf1 a4 29. Ke2 exd5 30. exd5 b3 31. axb3 a3 32. b4 Bb5
33. Bxb5 a2 34. Ba6 a1=Q 35. b5 Bd4 36. h3 Kf8 37. Kf3 Ke7 38. Bf4 Be5 39. Be3
Kd6 40. b6 Qd1+ 0-1

[Event "Kalamazoo (WMUSO/5/13)"]
[Site "?"]
[Date "1986.??.??"]
[Round "?"]
[White "Denning, D.."]
[Black "Rowland, R.."]
[Result "1-0"]
[WhiteElo "1605"]
[BlackElo "1605"]
[PlyCount "57"]
[EventDate "1986.??.??"]

{5/(13)} 1. e4 c5 2. Nf3 d6 3. d4 cxd4 4. Nxd4 a6 5. Nc3 Nf6 6. Be2 e5 7. Nf3
Be7 8. Bg5 Nbd7 9. Nd5 O-O 10. Nxe7+ Qxe7 11. O-O h6 12. Bh4 g5 13. Bg3 Nxe4
14. Qd3 Ndc5 15. Qc4 Be6 16. Qb4 f5 17. Bd3 Nxd3 18. cxd3 Nxg3 19. fxg3 b5 20.
b3 Qa7+ 21. Kh1 d5 22. Nxe5 d4 23. Rae1 Bd5 24. Qd6 Rad8 25. Qg6+ Qg7 26. Rxf5
Qxg6 27. Rxf8+ Rxf8 28. Nxg6 Kg7 29. Nxf8 1-0

[Event "Kalamazoo (WMUSO/1/16)"]
[Site "?"]
[Date "1986.??.??"]
[Round "?"]
[White "Denning, D.."]
[Black "Haakonstad, Olaf"]
[Result "0-1"]
[WhiteElo "1605"]
[BlackElo "1885"]
[PlyCount "154"]
[EventDate "1986.??.??"]

{1/(16)} 1. e4 e5 2. Nf3 Nc6 3. d4 exd4 4. Nxd4 Bc5 5. Be3 Nxd4 6. Bxd4 Bxd4 7.
Qxd4 Qg5 8. Nd2 Ne7 9. O-O-O O-O 10. Kb1 d6 11. Nf3 Qa5 12. Bd3 Nc6 13. Qc4 Be6
14. Qc3 Qxa2+ 15. Kc1 Qa1+ 16. Kd2 Qa5 17. Qxa5 Nxa5 18. e5 dxe5 19. Nxe5 Rad8
20. Ra1 Rd5 21. Rhe1 a6 22. b4 f6 23. Ng6 hxg6 24. Rxe6 Nc6 25. Rb1 Ne5 26. Ke2
Nxd3 27. cxd3 Kf7 28. Re4 Rfd8 29. Rb3 R8d7 30. f3 g5 31. g4 g6 32. h3 f5 33.
Re3 Rb5 34. Kd2 a5 35. Kc3 axb4+ 36. Rxb4 Rxb4 37. Kxb4 f4 38. Re5 Rxd3 39.
Rxg5 Rxf3 40. h4 Kf6 41. Kc4 Rg3 42. Kd4 Rb3 43. Rc5 f3 44. Rxc7 f2 45. Rc1 Rf3
46. Rf1 Rf4+ 47. Ke3 Rxg4 48. Rxf2+ Kg7 49. Rh2 Kh6 50. Kf3 Rb4 51. Rg2 b5 52.
Kg3 Kh5 53. Re2 Rb3+ 54. Kh2 Kxh4 55. Re4+ Kg5 56. Re5+ Kf4 57. Re6 g5 58. Rf6+
Ke5 59. Rf8 g4 60. Kg2 b4 61. Rg8 g3 62. Rxg3 Rxg3+ 63. Kxg3 Kd4 64. Kf2 Kd3
65. Ke1 Kc2 66. Ke2 b3 67. Ke3 b2 68. Ke4 b1=Q 69. Kf4 Qe1 70. Kf5 Kd3 71. Kf4
Qe4+ 72. Kg5 Qf3 73. Kg6 Ke4 74. Kg5 Qf5+ 75. Kh4 Qg6 76. Kh3 Kf3 77. Kh2 Qg2#
0-1

[Event "Kalamazoo (WMUSO/4/16)"]
[Site "?"]
[Date "1986.??.??"]
[Round "?"]
[White "Denning, D.."]
[Black "Carroll, Mitchell"]
[Result "1-0"]
[WhiteElo "1605"]
[BlackElo "1605"]
[PlyCount "81"]
[EventDate "1986.??.??"]

{4/(16)} 1. e4 e5 2. Nf3 Nc6 3. d4 Nf6 4. dxe5 Nxe4 5. Be3 d6 6. Bc4 Be7 7. Qd5
Be6 8. Qxe4 d5 9. Bxd5 Qxd5 10. Nbd2 Nb4 11. a3 Qxe4 12. axb4 Qg4 13. O-O Bd5
14. c3 O-O 15. Ra5 c6 16. h3 Qh5 17. Rfa1 a6 18. Nd4 Qg6 19. N2f3 Bxf3 20. Nxf3
f6 21. e6 f5 22. Nd4 f4 23. Bd2 f3 24. g3 Rf6 25. Rg5 Qh6 26. h4 Rff8 27. Raa5
Bxg5 28. Rxg5 Rad8 29. e7 Rde8 30. exf8=Q+ Kxf8 31. Bf4 Re1+ 32. Kh2 Kg8 33.
Re5 Qg6 34. Rxe1 b6 35. Re6 Qd3 36. Re3 Qb1 37. b3 c5 38. bxc5 bxc5 39. Nxf3
Qxb3 40. Ng5 h6 41. Re8# 1-0

[Event "Kalamazoo (WMUSO/2/3)"]
[Site "?"]
[Date "1986.??.??"]
[Round "?"]
[White "DeRyke, S.."]
[Black "Thompson, Dexter"]
[Result "0-1"]
[WhiteElo "1910"]
[BlackElo "2195"]
[PlyCount "64"]
[EventDate "1986.??.??"]

{2/(3)} 1. e4 e5 2. Nf3 Nc6 3. Bb5 a6 4. Ba4 Nf6 5. O-O Be7 6. Re1 b5 7. Bb3
O-O 8. c3 d5 9. exd5 Nxd5 10. Rxe5 Nxe5 11. Nxe5 c5 12. Bc2 Bd6 13. Bxh7+ Kxh7
14. Qh5+ Kg8 15. Ng6 fxg6 16. Qxd5+ Kh7 17. Qxa8 Bxh2+ 18. Kxh2 Qh4+ 19. Kg1
Qxf2+ 20. Kh2 Qh4+ 21. Kg1 Qe1+ 22. Kh2 Qxc1 23. Qe4 Qxb2 24. d4 cxd4 25. Nd2
Qxa1 26. Qh4+ Kg8 27. Ne4 Qf1 28. Qe7 dxc3 29. Nxc3 Qf4+ 30. g3 Qf2+ 31. Kh1
Qf1+ 32. Kh2 Rf2# 0-1

[Event "Kalamazoo (WMUSO/4/7)"]
[Site "?"]
[Date "1986.??.??"]
[Round "?"]
[White "DeRyke, S.."]
[Black "Giminez, R.."]
[Result "0-1"]
[WhiteElo "1910"]
[BlackElo "1820"]
[PlyCount "84"]
[EventDate "1986.??.??"]

{4/(7)} 1. e4 Nf6 2. e5 Nd5 3. c4 Nb6 4. d4 d6 5. Nf3 Bg4 6. Be2 dxe5 7. c5 e4
8. cxb6 exf3 9. Bxf3 Bxf3 10. Qxf3 c6 11. bxa7 Rxa7 12. O-O e6 13. Nc3 Bd6 14.
Ne4 O-O 15. Qg4 Bxh2+ 16. Kxh2 f5 17. Qh3 fxe4 18. Qxe6+ Kh8 19. Qxe4 Ra5 20.
g3 Nd7 21. Bd2 Rd5 22. Be3 Nf6 23. Qc2 Qd7 24. Kg2 Rh5 25. Rh1 Qd5+ 26. f3 Ng4
27. Qe2 Rxf3 28. Qxf3 Nxe3+ 29. Kf2 Rf5 30. Qxf5 Nxf5 31. Rad1 Qxa2 32. Rhe1 h6
33. g4 Nd6 34. Rd2 Qd5 35. Re5 Qh1 36. Rde2 Qh2+ 37. Kf3 Qh3+ 38. Kf2 Qxg4 39.
d5 Qd4+ 40. Kf3 cxd5 41. Re6 Ne4 42. Kg2 Qd3 0-1